| 000 | 00431nam a2200145Ia 4500 | ||
|---|---|---|---|
| 008 | 211109s9999||||xx |||||||||||||| ||und|| | ||
| 082 |
_a621.3813 _bWNI-E |
||
| 100 | _aWnitson, James A | ||
| 245 | 0 | _a500 Electonic Ic Circuits With Practical Applications | |
| 260 |
_bBPB Publication _aNo Place _c1989 |
||
| 300 | _a338p. | ||
| 630 | _xGENERAL STACK | ||
| 650 |
_aTechnology _vEngineering & allied operationsPhysics |
||
| 942 | _cBOOK | ||
| 999 |
_c46636 _d46636 |
||